Jurassic World Evolution 2 Dinosaurs (pictures) - Statistics

General Stats
  • This quiz has been taken 93 times
  • The average score is 33 of 65
Answer Stats
Picture Answer % Correct
Allosaurus
92%
Ankylosaurus
92%
Apatosaurus
83%
Brachiosaurus
83%
Carnotaurus
83%
Baryonyx
82%
Albertosaurus
77%
Ceratosaurus
74%
Dilophosaurus
74%
Indominus Rex
70%
Indoraptor
70%
Triceratops
65%
Gallimimus
64%
Tyrannosaurus Rex
64%
Iguanodon
62%
Mosasaurus
62%
Spinosaurus
62%
Stegosaurus
62%
Dimorphodon
61%
Giganotosaurus
61%
Velociraptor
59%
Parasaurolophus
58%
Diplodocus
56%
Edmontosaurus
56%
Pachycephalosaurus
56%
Dracorex
55%
Suchomimus
55%
Camarasaurus
52%
Majungasaurus
52%
Pteranodon
52%
Stygimoloch
52%
Deinonychus
48%
Troodon
48%
Chasmosaurus
47%
Dreadnoughtus
47%
Struthiomimus
47%
Dryosaurus
45%
Nigersaurus
45%
Plesiosaurus
45%
Maiasaura
44%
Tapejara
44%
Elasmosaurus
42%
Mamenchisaurus
42%
Chungkingosaurus
41%
Nasutoceratops
41%
Styracosaurus
39%
Herrerasaurus
38%
Proceratosaurus
38%
Tylosaurus
38%
Archaeornithomimus
36%
Ichthyosaurus
36%
Nodosaurus
36%
Pentaceratops
35%
Torosaurus
35%
Metriacanthosaurus
32%
Muttaburrasaurus
32%
Homalocephale
30%
Liopleurodon
29%
Polacanthus
29%
Gigantspinosaurus
27%
Tsintaosaurus
26%
Sauropelta
24%
Huayangosaurus
23%
Crichtonosaurus
21%
Maaradactylus
20%
No matching quizzes found
Score Distribution
Percent of People with Each Score
Percentile by Number Answered
Your Score History
You have not taken this quiz